Methods of testing vulcanized rubber. Part A 13.Determination of stiffness at low temperature (German test) (Record no. 73230)

MARC details
000 -LEADER
fixed length control field 00448nam a2200133Ia 4500
245 #0 - TITLE STATEMENT
Title Methods of testing vulcanized rubber. Part A 13.Determination of stiffness at low temperature (German test)
260 ## - PUBLICATION, DISTRIBUTION, ETC. (IMPRINT)
Place of publication London
260 ## - PUBLICATION, DISTRIBUTION, ETC. (IMPRINT)
Year of publication 1983
Name of publisher BSI
490 ## - SERIES STATEMENT
Series statement British standard
500 ## - GENERAL NOTE
General note Standard number: BS 903: Part A 13
650 ## - SUBJECT ADDED ENTRY--TOPICAL TERM
Topical Term Rubber vulcanized, stiffness at low temperature
942 ## - ADDED ENTRY ELEMENTS (KOHA)
Koha item type Standards
Holdings
Withdrawn status Lost status Damaged status Not for loan Home library Current library Date acquired Koha item type
      Standards RRII Library RRII Library 31/12/2021 Standards